00349cam a22000977a 4500008004000000082002600040245005300066260008900119300001000208700003300218180718b1985 xxu||||| |||| 00| 0 eng d aA2:Zx54 In2/1975-1983 aAgriculture, 1975-1983cby Lok Sabha Secretariat aNew DelhibParliament Library and Documentation Service, Lok Sabha Secretariatc1985 a438p. aIndia. Lok Sabha Secretariat